Sự phát triển ống tiêu hóa và thời điểm thích hợp sử dụng thức ăn chế biến của cá chạch lấu (Mastacembelus favus) : Luận văn Cao học ngành Nuôi trồng Thủy sản

Đề tài khảo sát sự phát triển ống tiêu hóa và thời điểm sử dụng thức ăn chế biến thích hợp cho cá chạch lấu làm cơ sở khao học cho các nghiên cứu về dinh dưỡng và phát triển thức ăn nuôi....

Full beskrivning

Sparad:
Bibliografiska uppgifter
Huvudupphovsman: Lê, Thị Xuân Thanh
Materialtyp: Bok
Språk:Undetermined
Publicerad: Cần Thơ Trường Đại học Cần Thơ 2014
Ämnen:
Taggar: Lägg till en tagg
Inga taggar, Lägg till första taggen!
Thư viện lưu trữ: Trung tâm Học liệu Trường Đại học Cần Thơ
LEADER 01193nam a2200217Ia 4500
001 CTU_197565
008 210402s9999 xx 000 0 und d
082 |a 639.31 
082 |b Th107 
088 |a 606270 
100 |a Lê, Thị Xuân Thanh 
245 0 |a Sự phát triển ống tiêu hóa và thời điểm thích hợp sử dụng thức ăn chế biến của cá chạch lấu (Mastacembelus favus) : 
245 0 |b Luận văn Cao học ngành Nuôi trồng Thủy sản 
245 0 |c Lê Thị Xuân Thanh ; Bùi Minh Tâm, Phạm Thanh Liêm (Cán bộ hướng dẫn) 
260 |a Cần Thơ 
260 |b Trường Đại học Cần Thơ 
260 |c 2014 
520 |a Đề tài khảo sát sự phát triển ống tiêu hóa và thời điểm sử dụng thức ăn chế biến thích hợp cho cá chạch lấu làm cơ sở khao học cho các nghiên cứu về dinh dưỡng và phát triển thức ăn nuôi. 
650 |a Freshwater fishes,Cá nước ngọt 
910 |a Hải 
980 |a Trung tâm Học liệu Trường Đại học Cần Thơ